Представление документа в формате MARC21

ПолеНазваниеЗначение
  Тип записи a
  Библиографический уровень m
001 Контрольный номер RU\infra-m\znanium\bibl\2235090
005 Дата корректировки 20260429142219.9
008 Кодируемые данные 260120s2025 RU g rus u
020 Индекс ISBN __
a ISBN 978-5-9614-1209-3
040 Источник каталогиз. __
a Служба первич. каталог. Общество с ограниченной ответственностью «ЗНАНИУМ»
041 Код языка издания __
a Код языка текста rus
044 Код страны публикации __
a Код страны публикации RU
080 Индекс УДК __
a Индекс УДК 004
084 Индекс другой классификации/Индекс ББК __
2 Источник индекса rubbk
a Индекс другой классификации/Индекс ББК 3297
084 Индекс другой классификации/Индекс ББК __
2 Источник индекса okso
a Индекс другой классификации/Индекс ББК 02.03.02
084 Индекс другой классификации/Индекс ББК __
2 Источник индекса okso
a Индекс другой классификации/Индекс ББК 09.03.01
084 Индекс другой классификации/Индекс ББК __
2 Источник индекса okso
a Индекс другой классификации/Индекс ББК 09.03.02
084 Индекс другой классификации/Индекс ББК __
2 Источник индекса okso
a Индекс другой классификации/Индекс ББК 09.03.04
100 Автор __
a Автор Шелл Д.
q Полное имя Шелл Джесси
245 Заглавие __
a Заглавие Геймдизайн: Как создать игру, в которую будут играть все
b Продолж. заглавия Практическое пособие
250 Сведения об издании __
a Основные сведения об издании 1
260 Выходные данные __
a Место издания Москва
b Издательство ООО "Альпина Паблишер"
c Дата издания 2026
300 Физическое описание __
a Объем 640 с.
520 Аннотация __
a Аннотация Самое полное руководство по геймдизайну — теперь в официальной версии на русском языке! Видеоигры повсюду. На планшетах приставках компьютерах. На любой вкус пол и возраст. Игровая индустрия по доходам уже опережает киноиндустрию. Но как выделиться из общей массы и создать игру которая завоюет сердца миллионов? Хорошая игра как хорошее кино построена по определенным законам. Геймдизайнеру необходимо продумать все с точки зрения психологии дизайна архитектуры музыки логики и математики. И учесть миллионы тонкостей: баланс наград и уровня сложности тактических и стратегических решений эстетические предпочтения целевой аудитории соответствие визуального ряда и звукового сопровождения. Джесси Шелл всемирно известный геймдизайнер работавший на Walt Disney Company рассказывает как сделать игру которая завоюет весь мир.
521 Примеч. о цел. назн. __
a Примеч. о целев. назн. Дополнительное профессиональное образование
650 Тематические рубрики __
a Основная рубрика Информатика. Вычислительная техника
x Основная подрубрика Мультимедиа. Компьютерные игры. Запись CD и DVD
655 Указ. предметных рубрик (устаревшее) __
a Жанр/ форма (устаревшее) Практическое пособие
856 Электронный адрес документа 4_
a Имя сервера/домена znanium.ru
m Помощь ebs_support@infra-m.ru
n Местонахождение сервера НИЦ ИНФРА-М
u URL https://znanium.ru/catalog/document?id=473466
856 Электронный адрес документа 48
a Имя сервера/домена znanium.ru
d Путь /cover/2235
f Электронное имя 2235090.jpg
q Тип электронного формата image/jpeg
u URL https://znanium.ru/cover/2235/2235090.jpg
911 __
u 0030=https://znanium.ru/catalog/document?id=473466